000 00753nam a2200253 i 4500
001 bg
100 1 _aMcDOWALL, David
245 1 0 _aBritain in close-up :
_b[an in-depth study of contemporary Britain] /
_cDavid McDowall.
250 _aNew ed.
260 _aHarlow :
_bLongman :
_bPearson Education,
_c2003.
300 _a208 s. :
_bil. ;
_c27 cm.
504 _aIndeks.
650 9 _aJęzyk angielski
651 9 _aWielka Brytania
_xzagadnienia
655 _aPodręczniki
020 _a0582328268
040 _cBPK
041 0 _aeng
080 _a811.111(07):913(410)
920 _a0-582-32826-8
942 _cKS
008 s pl f |000 0 pol
999 _c44790
_d44790
856 _uhttp://koha.tu.koszalin.pl/cgi-bin/koha/opac-detail.pl?biblionumber=44790
_yKatalog online BPK